000 00705nam a2200289Ia 4500
005 20260324124412.0
008 008 260324s9999 xx 000 0 eng d
020 _a9781315250304
037 _aEBOOK
040 _aCRL
040 _beng
040 _cCRL
041 _2eng
041 _aeng
084 _qCRL
100 _aRosy Szymanski; John Schofield
_91174016
245 0 _aLocal Heritage, Global Context
245 0 _bCultural Perspectives on Sense of Place
260 _bTaylor and Francis
260 _c2010
365 _a
365 _b240
856 _uhttp://www.taylorfrancis.com/books/9781315250304
942 _cEBOOK
999 _c1768357
_d1768357